000 00729nam a22002657i 4500
003 DO-SdBNP
005 20250509130226.0
007 ta
008 250509b2025 |||||||| |||| 00| 0 spa d
020 _a9789945512779
040 _aDO-SdBNP
_bspa
_cBNPHU
_erda
041 _hspa
082 _axxx
_bM492a
_222
100 1 _aMedrano, Yovanny
_eautor
_968728
245 0 _aAprendiendo a ser Feliz /
_cYovanny Medrano
250 _aprimera edición
264 _aSanto Domingo :
_bLibertad,
_c2025.
300 _a243 páginas :
_c23 cm
336 _ardacontent
_btexto
_2txt
337 _ardamedia
_bsin mediación
_2n
338 _ardacarrier
_bvolumen
_2nc
590 _aInventariado, 2025/DG
910 _aDG
942 _2ddc
_cLBS1
999 _c58415
_d58415